Substitution of Labour for Capital in the Foreign Sector (Registro nro. 26449)
[ vista simple ]
| 000 -LEADER | |
|---|---|
| fixed length control field | 00383 a2200121 4500 |
| 001 - CONTROL NUMBER | |
| control field | ART_12554 |
| 005 - DATE AND TIME OF LATEST TRANSACTION | |
| control field | 20260410161907.0 |
| 008 - FIXED-LENGTH DATA ELEMENTS--GENERAL INFORMATION | |
| fixed length control field | 260409a |
| 100 1# - MAIN ENTRY--PERSONAL NAME | |
| Personal name | Solomon, Ribert F. |
| 245 10 - TITLE STATEMENT | |
| Title | Substitution of Labour for Capital in the Foreign Sector |
| 700 1# - ADDED ENTRY--PERSONAL NAME | |
| Personal name | Forsyth, David J. C. |
| 773 0# - HOST ITEM ENTRY | |
| Title | The Economic Journal |
| Related parts | - Vol. 87, Nº 346 (jun. 1977) |
| Record control number | REV12512 |
No hay ítems disponibles.